[Event "Tournoi francophone 020D"]
[Site "Skype"]
[Date "????.??.??"]
[Round "1.2"]
[White "Busto, Ricardo"]
[Black "Le Bouill, Pierre"]
[Result "1-0"]
[WhiteElo "1302"]
[BlackElo "1223"]
[PlyCount "83"]

1. d4 Nf6 2. c4 c6 3. Nf3 e6 4. g3 d5 5. Qc2 h6 6. Bg2 Be7 7. O-O O-O 8. Bf4
Bd6 9. Be3 Nbd7 10. c5 Be7 11. Nc3 b6 12. Bf4 bxc5 13. dxc5 Nxc5 14. b4 Nb7 15.
a3 Bd6 16. Be3 Be7 17. Rfd1 Ng4 18. Bd4 Nf6 19. Nd2 a6 20. e4 dxe4 21. Ndxe4
Bd6 22. Bc5 Qe7 23. Bxd6 Nxd6 24. Nxd6 Rd8 25. Nxc8 Raxc8 26. Ne4 Rc7 27. Rxd8+
Qxd8 28. Rd1 Ra7 29. Nc5 Qe7 30. Bxc6 a5 31. Qd3 axb4 32. axb4 Rc7 33. Bf3 e5
34. Qd8+ Kh7 35. Qxe7 Rxe7 36. Re1 Ne8 37. Bc6 Nc7 38. b5 Ne6 39. Rxe5 Ra7 40.
Nxe6 fxe6 41. Rxe6 Ra1+ 42. Kg2 1-0

[Event "Tournoi francophone 020D"]
[Site "Skype"]
[Date "????.??.??"]
[Round "1.3"]
[White "Ruiz Aguilera, Juan Jesus"]
[Black "Bucherie, Volcy"]
[Result "1-0"]
[WhiteElo "1116"]
[BlackElo "1284"]
[PlyCount "31"]

1. d4 e5 2. dxe5 Nc6 3. Nf3 Qe7 4. e4 a6 5. Be2 Nxe5 6. Nc3 Nf6 7. Bd3 h6 8.
Bf4 Nfg4 9. Nxe5 Nxf2 10. Kxf2 Qh4+ 11. g3 Qe7 12. Ng4 Qc5+ 13. Kf1 d6 14. Na4
Qb4 15. c3 Qxe4 16. Bxe4 1-0

[Event "Tournoi francophone 020D"]
[Site "Skype"]
[Date "????.??.??"]
[Round "1.4"]
[White "Moumtaz, Abderrahim"]
[Black "Vincent, Andre"]
[Result "1-0"]
[WhiteElo "1250"]
[BlackElo "1332"]
[PlyCount "105"]

1. d4 Nf6 2. c4 d5 3. cxd5 Nxd5 4. e4 Nb6 5. Nc3 c6 6. Nf3 e6 7. Bd3 Be7 8. O-O
O-O 9. a4 N6d7 10. Bf4 Nf6 11. Qc2 Nbd7 12. e5 g6 13. exf6 Nxf6 14. Ne4 Nxe4
15. Bxe4 f5 16. Bd3 Bf6 17. Be5 Bg5 18. Rfe1 h6 19. Rad1 Bd7 20. Nd2 Bxd2 21.
Qxd2 Kh7 22. Re3 Be8 23. Bf4 Bf7 24. Rh3 h5 25. Bc4 Qd7 26. g4 Rg8 27. gxh5
gxh5+ 28. Rg3 Rg4 29. Rxg4 hxg4 30. Bd3 Rg8 31. Qc2 Rg7 32. Qd2 Rg6 33. Kh1
Qxd4 34. Be2 Qxd2 35. Rxd2 a6 36. Rd7 Kg8 37. Rxb7 Be8 38. Rb8 Kf7 39. Bxa6 c5
40. Rc8 Bxa4 41. Rxc5 Kf6 42. b4 Bb3 43. b5 Bd5+ 44. Kg1 e5 45. Rxd5 exf4 46.
b6 Ke6 47. Rb5 g3 48. b7 gxh2+ 49. Kxh2 Rh6+ 50. Kg2 Rg6+ 51. Kf1 Rg8 52. b8=Q
Rxb8 53. Rxb8 1-0

[Event "Tournoi francophone 020D"]
[Site "Skype"]
[Date "????.??.??"]
[Round "1.5"]
[White "Cengiz, Ali Ekber"]
[Black "Briere, Jean"]
[Result "0-1"]
[WhiteElo "1231"]
[BlackElo "1272"]
[PlyCount "74"]

1. e4 e5 2. Nf3 Nc6 3. Bc4 Bc5 4. d3 Nf6 5. h3 d6 6. Bg5 h6 7. Bd2 O-O 8. b4
Nxb4 9. Bxb4 Bxb4+ 10. c3 Ba5 11. O-O Be6 12. Bb3 Qd7 13. Bxe6 Qxe6 14. c4 Bb6
15. a4 a5 16. Na3 c6 17. Rb1 Ra6 18. Nh4 g6 19. Nf5 gxf5 20. exf5 Qxf5 21. Qe2
Nh5 22. Kh1 Nf4 23. Qf3 Kh7 24. g4 Qg5 25. Nc2 f5 26. Rg1 Qh4 27. Rg3 fxg4 28.
Rxg4 Qxh3+ 29. Qxh3 Nxh3 30. Kg2 Nxf2 31. Rg3 Rg8 32. d4 Nd3 33. c5 dxc5 34.
dxc5 Nxc5 35. Ne3 Rxg3+ 36. Kxg3 Ne4+ 37. Kf3 Nd2+ 0-1

[Event "Tournoi francophone 020D"]
[Site "Skype"]
[Date "????.??.??"]
[Round "2.1"]
[White "Malbec, Robert"]
[Black "Briere, Jean"]
[Result "0-1"]
[WhiteElo "1174"]
[BlackElo "1272"]
[PlyCount "62"]

1. e4 e5 2. Nf3 Nc6 3. Bc4 Nf6 4. Ng5 d5 5. exd5 Nxd5 6. Nxf7 Kxf7 7. Qf3+ Ke6
8. Bxd5+ Qxd5 9. Qxd5+ Kxd5 10. d3 Bc5 11. O-O Rf8 12. Nc3+ Ke6 13. Ne4 Be7 14.
c3 Kf7 15. Be3 b6 16. b4 Bf5 17. b5 Bxe4 18. dxe4 Na5 19. Rfd1 Nc4 20. Rd7 Nxe3
21. fxe3 Rac8 22. Rad1 Rfd8 23. Rxd8 Rxd8 24. Rf1+ Kg8 25. Rf5 Bf6 26. Rf1 Rd3
27. Kf2 Be7 28. c4 Rd2+ 29. Kf3 Rxa2 30. Rd1 Kf7 31. Rd8 Bxd8 0-1

[Event "Tournoi francophone 020D"]
[Site "Skype"]
[Date "????.??.??"]
[Round "2.2"]
[White "Vincent, Andre"]
[Black "Cengiz, Ali Ekber"]
[Result "1/2-1/2"]
[WhiteElo "1332"]
[BlackElo "1231"]
[PlyCount "81"]

1. c4 d5 2. d4 e6 3. Nc3 Nf6 4. Nf3 c6 5. g3 Bd6 6. Bg2 O-O 7. O-O Nbd7 8. Qc2
Nb6 9. c5 Bc7 10. cxb6 axb6 11. Re1 c5 12. Nb5 Bb8 13. dxc5 bxc5 14. Qxc5 Bd7
15. Nd6 Bc6 16. Bf4 Bxd6 17. Qxd6 Qb6 18. b4 Ne4 19. Be3 Qxe3 20. Qxf8+ Kxf8
21. fxe3 Nd6 22. Ne5 Bb5 23. Bf3 f6 24. Nd3 b6 25. Nf4 Kf7 26. Nxd5 Ra3 27.
Nxb6 Rxe3 28. Kf2 Ra3 29. Rec1 f5 30. Rc7+ Kf6 31. Nd7+ Kg6 32. Nf8+ Kf6 33.
Nxh7+ Kg6 34. Nf8+ Kf6 35. Nd7+ Kg6 36. Ne5+ Kf6 37. Nd3 g5 38. h3 e5 39. Nb2
e4 40. Bg2 f4 41. gxf4 1/2-1/2

[Event "Tournoi francophone 020D"]
[Site "Skype"]
[Date "????.??.??"]
[Round "2.3"]
[White "Bucherie, Volcy"]
[Black "Moumtaz, Abderrahim"]
[Result "1/2-1/2"]
[WhiteElo "1284"]
[BlackElo "1250"]
[PlyCount "64"]

1. Nf3 Nf6 2. c4 e5 3. Nxe5 d6 4. Nf3 Be7 5. d4 O-O 6. Nc3 Be6 7. e4 c5 8. d5
Bg4 9. e5 dxe5 10. h3 Bh5 11. g4 e4 12. Ng5 Bg6 13. Bg2 Re8 14. h4 h6 15. Ngxe4
Nxe4 16. Nxe4 Bd6 17. h5 Bxe4 18. Bxe4 Rxe4+ 19. Be3 Rxc4 20. g5 Re4 21. gxh6
gxh6 22. Qd3 Re6 23. Rg1+ Kf8 24. O-O-O Qf6 25. Qh7 Re8 26. Bxh6+ Ke7 27. Rg7
Be5 28. Rxf7+ Qxf7 29. Bg5+ Kf8 30. Bh6+ Ke7 31. Bg5+ Kf8 32. Bh6+ Ke7 1/2-1/2

[Event "Tournoi francophone 020D"]
[Site "Skype"]
[Date "????.??.??"]
[Round "2.4"]
[White "Le Bouill, Pierre"]
[Black "Ruiz Aguilera, Juan Jesus"]
[Result "1/2-1/2"]
[WhiteElo "1223"]
[BlackElo "1116"]
[PlyCount "39"]

1. b3 e5 2. Bb2 Nc6 3. d3 d5 4. e3 Bb4+ 5. c3 Be7 6. Be2 d4 7. e4 Nf6 8. h3 O-O
9. Nf3 Bd6 10. O-O Be6 11. cxd4 Nxd4 12. Nxd4 exd4 13. Bxd4 Bb4 14. Bc3 Bxc3
15. Nxc3 Qd4 16. Nb5 Qb6 17. Nc3 Rad8 18. Na4 Qd4 19. Rc1 Nd7 20. Nc3 1/2-1/2

[Event "Tournoi francophone 020D"]
[Site "Skype"]
[Date "????.??.??"]
[Round "2.5"]
[White "Ibanez, Bittor"]
[Black "Busto, Ricardo"]
[Result "1-0"]
[WhiteElo "1066"]
[BlackElo "1302"]
[PlyCount "53"]

1. e4 c5 2. Nf3 d6 3. d4 Nf6 4. Nc3 cxd4 5. Nxd4 a6 6. Be3 Nc6 7. Bc4 e6 8. a3
Be7 9. Nxc6 bxc6 10. O-O O-O 11. Be2 Bb7 12. f3 d5 13. e5 Nd7 14. f4 Bc5 15.
Bd4 Bxd4+ 16. Qxd4 Qb6 17. Qxb6 Nxb6 18. b3 Nd7 19. Rad1 Rac8 20. Rd2 Nc5 21.
b4 Ne4 22. Nxe4 dxe4 23. Rd7 Rb8 24. c3 Rfd8 25. Rfd1 Rxd7 26. Rxd7 Bc8 27.
Rd8# 1-0

[Event "Tournoi francophone 020D"]
[Site "Skype"]
[Date "????.??.??"]
[Round "3.1"]
[White "Busto, Ricardo"]
[Black "Malbec, Robert"]
[Result "0-1"]
[WhiteElo "1302"]
[BlackElo "1174"]
[PlyCount "80"]

1. d4 d5 2. c4 c6 3. cxd5 cxd5 4. Nc3 e6 5. a3 Nf6 6. Nf3 h6 7. Bf4 Nc6 8. e3
a6 9. Bd3 Bd6 10. Bg3 O-O 11. Ne5 Bxe5 12. dxe5 Nd7 13. f4 Ne7 14. Bh4 Nc5 15.
Bc2 Qd7 16. Bxe7 Qxe7 17. O-O b5 18. b4 Nd7 19. Qd3 g6 20. Rae1 Bb7 21. e4 Qh4
22. g3 Qh5 23. Bd1 Qh3 24. Bf3 f5 25. Bg2 Qh5 26. Bf3 Qh3 27. exd5 exd5 28.
Nxd5 Kh8 29. Bg2 Qh5 30. Qd4 Kh7 31. Nf6+ Nxf6 32. Bxb7 Rad8 33. Qf2 Ng4 34.
Qg2 Rd7 35. Bf3 Rfd8 36. h3 Rd2 37. Be2 Ne3 38. Qh1 Rxe2 39. Rxe2 Qxe2 40. Rf2
Rd1+ 0-1

[Event "Tournoi francophone 020D"]
[Site "Skype"]
[Date "????.??.??"]
[Round "3.2"]
[White "Ruiz Aguilera, Juan Jesus"]
[Black "Ibanez, Bittor"]
[Result "1-0"]
[WhiteElo "1116"]
[BlackElo "1066"]
[PlyCount "33"]

1. d4 d5 2. c4 e6 3. Nf3 c5 4. cxd5 exd5 5. g3 Nf6 6. Bg2 Be6 7. O-O Qd7 8. Bg5
Be7 9. Bxf6 gxf6 10. Nc3 Bh3 11. Rc1 Bxg2 12. Kxg2 c4 13. Qa4 Qxa4 14. Nxa4 b5
15. Nc3 a6 16. Nxd5 Kd7 17. Nb6+ 1-0

[Event "Tournoi francophone 020D"]
[Site "Skype"]
[Date "????.??.??"]
[Round "3.3"]
[White "Moumtaz, Abderrahim"]
[Black "Le Bouill, Pierre"]
[Result "1-0"]
[WhiteElo "1250"]
[BlackElo "1223"]
[PlyCount "57"]

1. d4 Nf6 2. c4 h6 3. Nc3 c6 4. e4 e6 5. Nf3 Bb4 6. Bd3 Be7 7. Qc2 e5 8. dxe5
Nh7 9. O-O O-O 10. Be3 d6 11. exd6 Bxd6 12. e5 Be6 13. exd6 Qxd6 14. Bxh7+ Kh8
15. c5 Qe7 16. Be4 f5 17. Bd3 g5 18. h3 Nd7 19. b4 Nf6 20. Ne5 Rg8 21. Be2 h5
22. f3 f4 23. Bf2 g4 24. fxg4 hxg4 25. hxg4 Bxg4 26. Bh4 Qg7 27. Bxf6 Qxf6 28.
Nxg4 Rxg4 29. Bxg4 1-0

[Event "Tournoi francophone 020D"]
[Site "Skype"]
[Date "????.??.??"]
[Round "3.4"]
[White "Cengiz, Ali Ekber"]
[Black "Bucherie, Volcy"]
[Result "1-0"]
[WhiteElo "1231"]
[BlackElo "1284"]
[PlyCount "91"]

1. e4 c6 2. Nf3 d5 3. e5 Bf5 4. Be2 Nd7 5. d3 e6 6. c3 Bc5 7. d4 Bb6 8. Bg5 Ne7
9. Nbd2 O-O 10. Nf1 c5 11. Ng3 Be4 12. O-O cxd4 13. cxd4 Bxf3 14. Bxf3 h6 15.
Be3 Ng6 16. Rc1 Rc8 17. Qd3 Rxc1 18. Rxc1 Ngxe5 19. dxe5 Nxe5 20. Qe2 Bxe3 21.
Qxe3 Nc4 22. Qd4 Qg5 23. Rc2 a6 24. Be2 Qg6 25. Bd3 f5 26. Ne2 Qf7 27. Nf4 e5
28. Qxd5 exf4 29. Qxf7+ Rxf7 30. Bxc4 b5 31. Bxf7+ Kxf7 32. Rc7+ Kf6 33. Rc6+
Ke5 34. Rxa6 g5 35. Rxh6 Ke4 36. Rc6 g4 37. Kf1 f3 38. g3 f4 39. Ke1 fxg3 40.
hxg3 Kd3 41. Kd1 b4 42. a3 b3 43. a4 Kd4 44. a5 Kd5 45. Rc3 Kd4 46. a6 1-0

[Event "Tournoi francophone 020D"]
[Site "Skype"]
[Date "????.??.??"]
[Round "3.5"]
[White "Briere, Jean"]
[Black "Vincent, Andre"]
[Result "1-0"]
[WhiteElo "1272"]
[BlackElo "1332"]
[PlyCount "55"]

1. e4 e5 2. Nf3 Nc6 3. Bc4 Bc5 4. d3 Nf6 5. Be3 Bxe3 6. fxe3 O-O 7. O-O d6 8.
Nc3 Re8 9. Ng5 Re7 10. Nd5 Nxd5 11. Bxd5 Be6 12. Qh5 h6 13. Nxe6 fxe6 14. Bxe6+
Kh8 15. Qg6 Rxe6 16. Qxe6 Qe7 17. Qxe7 Nxe7 18. Rf7 Re8 19. Raf1 Kg8 20. d4 c6
21. c4 b6 22. b4 a6 23. a4 b5 24. axb5 axb5 25. cxb5 cxb5 26. g4 g5 27. R7f6
Ng6 28. Rxg6+ 1-0

[Event "Tournoi francophone 020D"]
[Site "Skype"]
[Date "????.??.??"]
[Round "4.1"]
[White "Malbec, Robert"]
[Black "Vincent, Andre"]
[Result "1-0"]
[WhiteElo "1174"]
[BlackElo "1332"]
[PlyCount "135"]

1. e4 c5 2. Nf3 Nc6 3. Bc4 e6 4. d3 Be7 5. Be3 d6 6. O-O Nf6 7. a3 O-O 8. Nc3
a6 9. d4 cxd4 10. Bxd4 Nxd4 11. Nxd4 Bd7 12. Nf3 Qc7 13. Bd3 Rfc8 14. Rc1 Bc6
15. Re1 Nd7 16. Na2 a5 17. Qe2 e5 18. Qe3 Qb6 19. b3 Qxe3 20. Rxe3 Nf6 21. Nc3
Ng4 22. Re2 h5 23. h3 Nh6 24. g3 g6 25. Nd5 Bd8 26. Nh4 Bd7 27. Kg2 b6 28. a4
Rab8 29. Kh2 Rc5 30. c4 Be6 31. Nf3 g5 32. Nd2 Kg7 33. Nb1 f5 34. Nbc3 f4 35.
gxf4 exf4 36. Rg1 Kf7 37. Nb5 Be7 38. Nxe7 Kxe7 39. f3 Nf7 40. Rc2 Rg8 41. Nd4
Bd7 42. Re1 Ne5 43. Be2 g4 44. hxg4 hxg4 45. fxg4 Rh8+ 46. Kg2 Rcc8 47. Rh1
Rxh1 48. Kxh1 Rh8+ 49. Kg1 Nf7 50. Bf3 Ng5 51. Rd2 Nh3+ 52. Kg2 Ng5 53. Kg1 Kf7
54. Rh2 Rxh2 55. Kxh2 Ke7 56. Kg2 Kf7 57. Ne2 Ke7 58. Nxf4 Ne6 59. Nd5+ Kf7 60.
Nxb6 Bc6 61. Kg3 Kg6 62. Nd5 Bxd5 63. exd5 Nd4 64. Bd1 Kg5 65. Kf2 Kf6 66. Ke3
Ke5 67. Kd3 Nxb3 68. Bxb3 1-0

[Event "Tournoi francophone 020D"]
[Site "Skype"]
[Date "????.??.??"]
[Round "4.2"]
[White "Bucherie, Volcy"]
[Black "Briere, Jean"]
[Result "1-0"]
[WhiteElo "1284"]
[BlackElo "1272"]
[PlyCount "25"]

1. d4 d5 2. Nf3 Nc6 3. g3 Nf6 4. Bg2 Bf5 5. a3 e6 6. O-O Be7 7. c4 dxc4 8. e3
Be4 9. Nc3 Rb8 10. Qa4 Bd5 11. Ne5 Bxg2 12. Kxg2 Qd7 13. Nxd7 1-0

[Event "Tournoi francophone 020D"]
[Site "Skype"]
[Date "????.??.??"]
[Round "4.3"]
[White "Le Bouill, Pierre"]
[Black "Cengiz, Ali Ekber"]
[Result "1/2-1/2"]
[WhiteElo "1223"]
[BlackElo "1231"]
[PlyCount "39"]

1. b3 e5 2. Bb2 Nc6 3. e4 Nf6 4. d3 d5 5. Nd2 Bc5 6. h3 O-O 7. Ngf3 Re8 8. Be2
Nd4 9. O-O Nxf3+ 10. Nxf3 d4 11. Rc1 Bb6 12. c3 c5 13. cxd4 cxd4 14. a4 Nh5 15.
Nxe5 Nf4 16. Ng4 Qg5 17. Rc2 Qg6 18. Bc1 Nh5 19. Bf3 f5 20. exf5 1/2-1/2

[Event "Tournoi francophone 020D"]
[Site "Skype"]
[Date "????.??.??"]
[Round "4.4"]
[White "Ibanez, Bittor"]
[Black "Moumtaz, Abderrahim"]
[Result "1-0"]
[WhiteElo "1066"]
[BlackElo "1250"]
[PlyCount "121"]

1. e4 e5 2. Nf3 Nc6 3. Bc4 Bc5 4. c3 Nf6 5. d4 exd4 6. e5 Ng4 7. Bxf7+ Kxf7 8.
Ng5+ Ke8 9. Qxg4 Nxe5 10. Qe4 Qe7 11. cxd4 Bb4+ 12. Nc3 Nc4 13. Qxe7+ Bxe7 14.
O-O d6 15. b3 Nb6 16. Re1 h6 17. Nf3 Kf7 18. Bb2 d5 19. Ne5+ Kg8 20. Ng6 Bf6
21. Re8+ Kf7 22. Rxh8 Kxg6 23. Ne2 Nd7 24. Nf4+ Kf7 25. Nxd5 c6 26. Nc7 Rb8 27.
Re1 Be7 28. Re8 Bd6 29. d5 Nf6 30. Bxf6 gxf6 31. Rh8 Kg7 32. Rd8 Bxc7 33. Re7+
Kg6 34. Rxc7 cxd5 35. Rcxc8 Rxc8 36. Rxc8 Kf5 37. Re8 d4 38. Kf1 b5 39. Ke2 h5
40. Kd3 Kf4 41. f3 f5 42. Kxd4 Kg5 43. g3 f4 44. Rg8+ Kf5 45. Kd5 fxg3 46. hxg3
a6 47. b4 Kf6 48. g4 Kf7 49. Rg5 h4 50. f4 h3 51. Rh5 h2 52. Ke5 h1=Q 53. Rxh1
Kg6 54. Rh5 Kf7 55. f5 Kg7 56. g5 Kf7 57. Rh7+ Kg8 58. Ra7 Kf8 59. Kf6 Kg8 60.
Kg6 Kf8 61. Kh7 1-0

[Event "Tournoi francophone 020D"]
[Site "Skype"]
[Date "????.??.??"]
[Round "4.5"]
[White "Busto, Ricardo"]
[Black "Ruiz Aguilera, Juan Jesus"]
[Result "1/2-1/2"]
[WhiteElo "1302"]
[BlackElo "1116"]
[PlyCount "45"]

1. d4 Nf6 2. Bf4 e6 3. e3 d5 4. Nf3 Bd6 5. Bg3 Nbd7 6. Nbd2 Ne4 7. Bxd6 Nxd6 8.
Bd3 Nf6 9. O-O Nde4 10. c4 c6 11. cxd5 cxd5 12. Qc2 Qa5 13. Nxe4 dxe4 14. Bxe4
e5 15. Nxe5 O-O 16. Bf3 Be6 17. a3 Rac8 18. Qd1 Rfd8 19. b4 Qc7 20. Qa4 b6 21.
h3 Bd5 22. Bxd5 Rxd5 23. Rac1 1/2-1/2

[Event "Tournoi francophone 020D"]
[Site "Skype"]
[Date "????.??.??"]
[Round "5.1"]
[White "Ruiz Aguilera, Juan Jesus"]
[Black "Malbec, Robert"]
[Result "1-0"]
[WhiteElo "1116"]
[BlackElo "1174"]
[PlyCount "101"]

1. e4 e5 2. Nf3 Nc6 3. Nc3 Nf6 4. d4 exd4 5. Nxd4 Nxd4 6. Qxd4 c5 7. Qe5+ Qe7
8. Bf4 d6 9. Qxe7+ Bxe7 10. O-O-O O-O 11. Be2 Rd8 12. Kb1 b6 13. Nd5 Nxd5 14.
exd5 Bb7 15. Rhe1 Re8 16. Bb5 g5 17. Bxe8 Kf8 18. Bc6 gxf4 19. Bxb7 Rb8 20. Bc6
a6 21. Re4 Bg5 22. Rde1 b5 23. Re8+ Rxe8 24. Rxe8+ Kg7 25. Bb7 a5 26. Rc8 a4
27. Rxc5 dxc5 28. d6 b4 29. d7 Bd8 30. Bc6 a3 31. c3 Kf8 32. cxb4 cxb4 33. Kc2
Ke7 34. Kb3 Ba5 35. bxa3 bxa3 36. Kxa3 Kd8 37. Ka4 Bb6 38. f3 Bg1 39. h3 h6 40.
Kb5 Kc7 41. a4 Bf2 42. a5 Be3 43. a6 Bf2 44. h4 Be3 45. Kc4 f5 46. Kd5 Bb6 47.
Ke5 Kxc6 48. a7 Bxa7 49. d8=Q Be3 50. Qd7+ Kb6 51. Kxf5 1-0

[Event "Tournoi francophone 020D"]
[Site "Skype"]
[Date "????.??.??"]
[Round "5.2"]
[White "Moumtaz, Abderrahim"]
[Black "Busto, Ricardo"]
[Result "1/2-1/2"]
[WhiteElo "1250"]
[BlackElo "1302"]
[PlyCount "78"]

1. d4 Nf6 2. c4 g6 3. Nc3 Bg7 4. e4 d6 5. Nf3 O-O 6. Bd3 Nbd7 7. O-O Re8 8. Re1
e5 9. Bg5 c5 10. dxc5 Nxc5 11. Bc2 Ne6 12. Nd5 Nxg5 13. Nxg5 Nxd5 14. Nxh7 Kxh7
15. Qxd5 Qe7 16. Rad1 Rd8 17. Qd3 Bg4 18. Rd2 Bh6 19. f3 Bxd2 20. Qxd2 Bd7 21.
g4 Qf8 22. Qg2 Rac8 23. Qh3+ Qh6 24. Qxh6+ Kxh6 25. Bd3 a6 26. b3 Bb5 27. cxb5
axb5 28. Bxb5 Rc2 29. a4 Rc3 30. Bc4 Rxf3 31. Kg2 Rc3 32. Bxf7 Rf8 33. Rf1 Rc2+
34. Kg1 Kg7 35. Be6 Rxf1+ 36. Kxf1 Rc1+ 37. Kg2 Rc3 38. g5 Re3 39. Bd5 b6
1/2-1/2

[Event "Tournoi francophone 020D"]
[Site "Skype"]
[Date "????.??.??"]
[Round "5.4"]
[White "Briere, Jean"]
[Black "Le Bouill, Pierre"]
[Result "1-0"]
[WhiteElo "1272"]
[BlackElo "1223"]
[PlyCount "55"]

1. e4 e6 2. d4 d5 3. e5 g6 4. Nf3 Bg7 5. Nc3 a6 6. Be2 Ne7 7. O-O O-O 8. Bg5
Nbc6 9. Qd2 Qe8 10. Bh6 Nf5 11. Bxg7 Kxg7 12. Bd3 Rh8 13. Bxf5 exf5 14. Nxd5
Qd8 15. Nf4 Bd7 16. d5 Ne7 17. e6 fxe6 18. dxe6 Bc6 19. Qc3+ Kf8 20. Rad1 Qe8
21. Qf6+ Kg8 22. Ne5 Ba4 23. b3 Bb5 24. c4 Bc6 25. Nxc6 bxc6 26. Rd7 Rd8 27.
Rxd8 Qxd8 28. Qf7# 1-0

[Event "Tournoi francophone 020D"]
[Site "Skype"]
[Date "????.??.??"]
[Round "5.5"]
[White "Vincent, Andre"]
[Black "Bucherie, Volcy"]
[Result "1-0"]
[WhiteElo "1332"]
[BlackElo "1284"]
[PlyCount "97"]

1. Nf3 Nf6 2. g3 g6 3. d4 Bg7 4. c4 c5 5. e3 b5 6. cxb5 a6 7. Nc3 cxd4 8. Qxd4
Bb7 9. Bg2 O-O 10. O-O Nd5 11. Qd2 Nxc3 12. bxc3 axb5 13. a3 e5 14. Re1 e4 15.
Nd4 Qa5 16. Bb2 d5 17. Qc2 Nc6 18. Bf1 Nxd4 19. cxd4 Rfc8 20. Qb3 Bc6 21. Bc3
Qa4 22. Qxa4 Rxa4 23. Bb4 f5 24. Rec1 g5 25. Bxb5 f4 26. Bxa4 fxe3 27. fxe3 h5
28. Rxc6 Ra8 29. Bb3 Rd8 30. Rd6 Rc8 31. Bxd5+ Kh7 32. Bxe4+ Kg8 33. Rc6 Re8
34. Bd5+ Kh7 35. Rac1 Rxe3 36. Rc8 Bxd4 37. Kg2 Re2+ 38. Kh3 g4+ 39. Kh4 Rxh2+
40. Kg5 Be3+ 41. Kf5 Rf2+ 42. Ke6 Bxc1 43. Rxc1 Re2+ 44. Kd6 Kg6 45. Rf1 Re3
46. Be1 Rxa3 47. Bf7+ Kg5 48. Bd2+ Re3 49. Bxe3# 1-0

[Event "Tournoi francophone 020D"]
[Site "Skype"]
[Date "????.??.??"]
[Round "6.1"]
[White "Malbec, Robert"]
[Black "Bucherie, Volcy"]
[Result "1-0"]
[WhiteElo "1174"]
[BlackElo "1284"]
[PlyCount "61"]

1. e4 c6 2. Nf3 d5 3. exd5 cxd5 4. d4 Bf5 5. Nc3 Nc6 6. Bb5 Nf6 7. Be3 e6 8.
Ne5 Bd6 9. Bxc6+ bxc6 10. Nxc6 Qc7 11. Ne5 Bxe5 12. dxe5 Qxe5 13. O-O Bg4 14.
Qd2 O-O 15. Rfe1 Ne4 16. Nxe4 dxe4 17. Bd4 Qd6 18. Rxe4 Bf5 19. Ree1 Qb8 20.
Qc3 Rc8 21. Qb3 Bxc2 22. Qxb8 Rcxb8 23. b3 Rb4 24. Be3 Rg4 25. f3 Rb4 26. Rac1
Bxb3 27. axb3 Rxb3 28. Rc5 Rab8 29. Bf2 a6 30. Kf1 h6 31. Rec1 1-0

[Event "Tournoi francophone 020D"]
[Site "Skype"]
[Date "????.??.??"]
[Round "6.2"]
[White "Le Bouill, Pierre"]
[Black "Vincent, Andre"]
[Result "1-0"]
[WhiteElo "1223"]
[BlackElo "1332"]
[PlyCount "82"]

1. Nf3 Nf6 2. e3 d5 3. b3 g6 4. Bb2 Bg7 5. d4 Nbd7 6. Be2 c5 7. c3 O-O 8. O-O
b6 9. Nbd2 Bb7 10. Rc1 Re8 11. Re1 e5 12. dxe5 Nxe5 13. Bb5 Re7 14. Nxe5 Rxe5
15. Nf3 Re7 16. Re2 a6 17. Bd3 Nd7 18. Ba1 Bh6 19. Qe1 Ne5 20. Nxe5 Rxe5 21.
Rd1 Qe7 22. c4 d4 23. exd4 Rxe2 24. Bxe2 Re8 25. dxc5 Qxc5 26. Qc3 Kf8 27. Qh8+
Ke7 28. Bf6+ Ke6 29. Qxe8+ Kxf6 30. Qd8+ Kg7 31. Qd3 Qg5 32. Bf3 Bxf3 33. Qxf3
Qc5 34. Qc3+ Kf8 35. g3 Bg5 36. Qh8+ Ke7 37. Re1+ Kd6 38. Qf8+ Kc7 39. Qxf7+
Kc6 40. Re6+ Qd6 41. Rxd6+ Kxd6 1-0

[Event "Tournoi francophone 020D"]
[Site "Skype"]
[Date "????.??.??"]
[Round "6.4"]
[White "Busto, Ricardo"]
[Black "Cengiz, Ali Ekber"]
[Result "0-1"]
[WhiteElo "1302"]
[BlackElo "1231"]
[PlyCount "64"]

1. Nf3 Nf6 2. g3 d5 3. d4 c6 4. Bg2 e6 5. O-O Bd6 6. Nbd2 O-O 7. c4 b6 8. c5
bxc5 9. dxc5 Bxc5 10. Nb3 Bb6 11. a4 a5 12. Bd2 Nbd7 13. Qc2 Ba6 14. Rfe1 Bb7
15. Bc3 Re8 16. Nbd2 e5 17. e3 e4 18. Nd4 Ne5 19. f3 exf3 20. N4xf3 Neg4 21.
Nf1 Ba6 22. h3 Bxf1 23. hxg4 Bxg2 24. Kxg2 Nxg4 25. Be5 Nxe3+ 26. Rxe3 Bxe3 27.
Qc3 d4 28. Qd3 c5 29. b3 f6 30. Qc4+ Kh8 31. Bxf6 Qxf6 32. Qxc5 Rac8 0-1

[Event "Tournoi francophone 020D"]
[Site "Skype"]
[Date "????.??.??"]
[Round "6.5"]
[White "Ruiz Aguilera, Juan Jesus"]
[Black "Moumtaz, Abderrahim"]
[Result "0-1"]
[WhiteElo "1116"]
[BlackElo "1250"]
[PlyCount "66"]

1. e4 e5 2. Nf3 Nc6 3. d4 exd4 4. Nxd4 Nf6 5. Nxc6 bxc6 6. e5 Nd5 7. Nc3 Nxc3
8. bxc3 d6 9. exd6 Bxd6 10. Bc4 Qe7+ 11. Qe2 Qxe2+ 12. Bxe2 O-O 13. O-O Be6 14.
Be3 Rfb8 15. Bf3 Bd5 16. Bxd5 cxd5 17. Rfd1 c6 18. c4 Rb2 19. cxd5 c5 20. Rd2
Rab8 21. g3 a6 22. c3 Rxd2 23. Bxd2 Rb2 24. Be3 Rc2 25. Kf1 Rxc3 26. Bf4 Bxf4
27. Rb1 h6 28. Rb8+ Kh7 29. Rb7 Kg6 30. Rb6+ f6 31. Rxa6 Ra3 32. gxf4 Rh3 33.
a4 h5 0-1

[Event "Tournoi francophone 020D"]
[Site "Skype"]
[Date "????.??.??"]
[Round "7.1"]
[White "Moumtaz, Abderrahim"]
[Black "Malbec, Robert"]
[Result "1/2-1/2"]
[WhiteElo "1250"]
[BlackElo "1174"]
[PlyCount "72"]

1. d4 d5 2. c4 e6 3. Nf3 Bb4+ 4. Nc3 Bxc3+ 5. bxc3 Nc6 6. e3 Nf6 7. Bd3 O-O 8.
O-O Na5 9. Ne5 Nd7 10. Qe2 dxc4 11. Nxc4 Nxc4 12. Bxc4 Nf6 13. e4 c6 14. a4 h6
15. Ba3 Re8 16. e5 Nd5 17. Rfc1 Qa5 18. Bb2 Qd8 19. Qf3 Qg5 20. Qg3 Qxg3 21.
hxg3 f5 22. f4 Rf8 23. a5 Ne3 24. Be2 a6 25. c4 h5 26. Kf2 Ng4+ 27. Bxg4 fxg4
28. Rh1 g6 29. Ba3 Rf7 30. Bd6 Bd7 31. Rab1 Bc8 32. Ba3 Rh7 33. Rh4 Rd7 34. Bb2
Rb8 35. Bc3 Kg7 36. Ke3 Rf7 1/2-1/2

[Event "Tournoi francophone 020D"]
[Site "Skype"]
[Date "????.??.??"]
[Round "7.2"]
[White "Cengiz, Ali Ekber"]
[Black "Ruiz Aguilera, Juan Jesus"]
[Result "1-0"]
[WhiteElo "1231"]
[BlackElo "1116"]
[PlyCount "45"]

1. e4 e5 2. Nf3 Nc6 3. Bc4 h6 4. c3 Nf6 5. d3 d5 6. exd5 Nxd5 7. O-O Be6 8. Bb5
Bg4 9. h3 a6 10. Bxc6+ bxc6 11. hxg4 Qf6 12. Re1 Bd6 13. d4 O-O-O 14. dxe5 Bxe5
15. Nxe5 Ne3 16. Qe2 Qxe5 17. Qxa6+ Kb8 18. Bxe3 c5 19. Na3 h5 20. Nc4 Qe4 21.
Bxc5 Qxg4 22. Ne5 Qf5 23. Nc6# 1-0

[Event "Tournoi francophone 020D"]
[Site "Skype"]
[Date "????.??.??"]
[Round "7.3"]
[White "Briere, Jean"]
[Black "Busto, Ricardo"]
[Result "0-1"]
[WhiteElo "1272"]
[BlackElo "1302"]
[PlyCount "68"]

1. e4 e6 2. d4 d5 3. Nc3 Nf6 4. e5 Nfd7 5. Bd3 c5 6. dxc5 Nxc5 7. Nf3 a6 8. O-O
Be7 9. Be3 Ncd7 10. Re1 Nc6 11. a3 Ndxe5 12. Bf4 Nxd3 13. Qxd3 O-O 14. Rad1 Re8
15. Nd4 Nxd4 16. Qxd4 Bg5 17. Bxg5 Qxg5 18. Re5 Qg6 19. Rd2 Bd7 20. Qd3 Qf6 21.
Rde2 Rac8 22. R2e3 b5 23. Qe2 d4 24. Rf3 Qd8 25. Ne4 Bc6 26. Rg3 Bxe4 27. Rxe4
d3 28. Rxd3 Qg5 29. Qd2 Qg6 30. Red4 Qf6 31. Rd6 Qxb2 32. Rd8 Qb1+ 33. Qd1
Qxd1+ 34. Rxd1 Rcxd8 0-1

[Event "Tournoi francophone 020D"]
[Site "Skype"]
[Date "????.??.??"]
[Round "7.5"]
[White "Bucherie, Volcy"]
[Black "Le Bouill, Pierre"]
[Result "1-0"]
[WhiteElo "1284"]
[BlackElo "1223"]
[PlyCount "61"]

1. Nf3 Nf6 2. g3 g6 3. Bg2 Bg7 4. O-O O-O 5. c4 d5 6. cxd5 Nxd5 7. e4 Nb6 8. d4
c6 9. Nc3 N8d7 10. e5 e6 11. Bg5 f6 12. exf6 Bxf6 13. Bxf6 Qxf6 14. Ne4 Qe7 15.
Re1 Nf6 16. Nfg5 Nxe4 17. Nxe4 Nd5 18. Nc5 Qf6 19. Ne4 Qe7 20. a3 Rb8 21. Qg4
e5 22. Qg5 Qxg5 23. Nxg5 exd4 24. Rad1 Bg4 25. Rxd4 Rbd8 26. Rxg4 Rf6 27. Rh4
h5 28. Ne6 Re8 29. Rhe4 Kf7 30. Ng5+ Kg7 31. Rxe8 1-0